[Event "SLO-chT1 West"]
[Site "Sentjur"]
[Date "2009.10.22"]
[Round "1"]
[White "Jug, Franc"]
[Black "Rajkovic, Radisa"]
[Result "0-1"]
[WhiteElo "1783"]
[BlackElo "2034"]
[PlyCount "74"]
[EventDate "2009.10.22"]
[EventType "team-tourn"]
[EventRounds "9"]
[EventCountry "SLO"]
[SourceTitle "EXT 2010"]
[Source "ChessBase"]
[SourceDate "2010.11.25"]
[SourceVersion "1"]
[SourceVersionDate "2010.11.25"]
[SourceQuality "1"]

1. e4 e5 2. Bc4 d6 3. Nf3 Be7 4. d3 Nf6 5. Nc3 0-0 6. Nd5 Nxd5 7. Bxd5 Nc6 8. c3 Be6 9. Be3 Qd7 10. b4 Nd8 11. 0-0 Bxd5 12. exd5 f5 13. Bg5 Bxg5 14. Nxg5 h6 15. Nf3 Qb5 16. c4 Qxb4 17. Rb1 Qa3 18. Qc2 b6 19. Rb3 Qa4 20. Qe2 Qd7 21. h3 Nb7 22. Nh2 Rae8 23. Qc2 Qa4 24. Qb1 Qd7 25. f4 Nc5 26. Ra3 a5 27. Nf3 e4 28. Nd4 Nxd3 29. Ne6 Rf7 30. Rxd3 exd3 31. Qxd3 Rxe6 32. dxe6 Qxe6 33. Rf3 Re7 34. Qb3 Kh7 35. a4 Qe4 36. Kh2 Qd4 37. Kg3 Re4 0-1